000
00247nam a2200097Ia 4500
001
642777
005
20250826153533.0
008
250824s9999 xx 000 0 und d
245
0
_a
Ferdinand Macellan Kimdi?
_c
Sydelle Kramer
260
_b
BEYAZ BALİNA
999
_c
642777
_d
642777